Managerial accounting -- class text edition (Record no. 82500)

MARC details
000 -LEADER
fixed length control field 01011nam a2200217 a 4500
008 - FIXED-LENGTH DATA ELEMENTS--GENERAL INFORMATION
fixed length control field 100325s2007 ||||||||||||||||| || u
020 ## - INTERNATIONAL STANDARD BOOK NUMBER
International Standard Book Number 0132284634
050 ## - LIBRARY OF CONGRESS CALL NUMBER
Classification number HF 5657.4 Bam
100 ## - MAIN ENTRY--PERSONAL NAME
Personal name Harrison, Walter T
245 10 - TITLE STATEMENT
Title Managerial accounting -- class text edition
Statement of responsibility, etc. by Linda Smith Bamber, Karen Wilken Braun and Walter T. Harrison
260 ## - PUBLICATION, DISTRIBUTION, ETC.
Place of publication, distribution, etc. Upper Saddle River, N.J.:
Name of publisher, distributor, etc. Pearson Education, Inc
Date of publication, distribution, etc. 2007
300 ## - PHYSICAL DESCRIPTION
Extent xxiv, various pagings: ill.
350 ## -
-- 0.00
500 ## - GENERAL NOTE
General note Includes Index
650 #0 - SUBJECT ADDED ENTRY--TOPICAL TERM
Topical term or geographic name entry element ACCOUNTING--HANDBOOKS, MANUALS, ETC
650 #0 - SUBJECT ADDED ENTRY--TOPICAL TERM
Topical term or geographic name entry element MANAGERIAL ACCOUNTING
700 ## - ADDED ENTRY--PERSONAL NAME
Personal name Braun, Karen Wilken
700 ## - ADDED ENTRY--PERSONAL NAME
Personal name Bamber, Linda Smith
995 ## -
-- ANNEX COLLECTION (Main Library)
-- 0.00
-- 741260
-- CBU-MAIN LIBRARY (Kitwe)
-- 1
-- 0.00
-- HF 5657.4 Bam
-- 1
-- AVAILABLE
-- May 11, 2010
-- 741260
-- Annex Low-Usage Collection
995 ## -
-- MAIN LIBRARY OPEN ACCESS
-- 0.00
-- 741261
-- CBU-MAIN LIBRARY (Kitwe)
-- 1
-- 0.00
-- HF 5657.4 Bam
-- 2
-- AVAILABLE
-- May 11, 2010
-- 741261
-- Main Library Open Access Collection
999 ## -
-- 82500
-- 82500
Holdings
Withdrawn status Lost status Source of classification or shelving scheme Damaged status Not for loan Permanent Location Current Location Shelving location Date acquired Total Checkouts Full call number Barcode Date last seen Copy number Price effective from Koha item type
          CBU-MAIN LIBRARY, KITWE. CBU-MAIN LIBRARY, KITWE.   09/29/2023   HF 5657.4 Bam 741260 09/29/2023 1 09/29/2023 MONOGRAPH
          CBU-MAIN LIBRARY, KITWE. CBU-MAIN LIBRARY, KITWE.   09/29/2023   HF 5657.4 Bam 741261 09/29/2023 2 09/29/2023 MONOGRAPH